| 000 | 00702nam a22002177a 4500 | ||
|---|---|---|---|
| 999 |
_c291377 _d291377 |
||
| 003 | OSt | ||
| 082 |
_a551.6 _bSAN/AS PG |
||
| 100 | _aSanjay Kumar, M S | ||
| 245 | _aAssessment of drought in the central zone of Kerala using different indices | ||
| 260 |
_aVellanikkara _bCollege of Climate Change and Environmental Science _c2024 |
||
| 300 | _a293p. | ||
| 502 | _aBSc-MSc | ||
| 650 | _aClimate Change and Environmental Science | ||
| 650 | _aMeteorological drought | ||
| 650 | _aAgricultural drought | ||
| 650 | _aDroughts in India | ||
| 650 | _aDroughts in Kerala | ||
| 700 | _aAjith Kumar, B (Guide) | ||
| 856 | _uhttps://krishikosh.egranth.ac.in/handle/1/5810216657 | ||
| 942 |
_2ddc _cTH |
||